• 首页
  • 本馆介绍
  • 公告通知
  • 最新文献
  • 馆藏检索
  • 电子资源
  • 读者导购
  • 参考咨询
  • 我的图书馆
  • 登录
  • 详细信息显示
  • 放入我的书架
  • 预约/预借图书
  • 作者相关作品
  • 分类相关作品
  • 丛书相关作品
  • 出版社相关作品

书目信息

  • 表格格式
  • 工作单格式
  • 卡片格式
题名:
弹道导弹防御计划与国际安全
    
 
作者: 朱锋 著
分册:  
出版信息: 上海   上海人民出版社  2001
页数: 716页
开本: 20cm
丛书名: 当代国际政治丛书
单 册:
中图分类: E712.1 , D815.5
科图分类:
主题词: 弹道导弹--战略防御--战略计划--美国--现代 , 国家安全--研究--世界 , 弹道导弹 , 战略防御 , 战略计划 , 国家安全
电子资源:
ISBN: 7-208-03777-9
000 01042oam2 2200313 450
001 1261774500
005 20121003171014.89
010    @a7-208-03777-9@dCNY36.00
100    @a20010919d2001 emky0chiy0110 ea
101 0  @achi
102    @aCN@b310000
105    @ay z 000yy
200 1  @a弹道导弹防御计划与国际安全@Adan dao dao dan fang yu ji hua yu guo ji an quan@f朱锋著
210    @a上海@c上海人民出版社@d2001
215    @a716页@d20cm
225 2  @a当代国际政治丛书
330    @a本书内溶涉及美国战略防御思想的历史沿革以及后冷战时代美国国内政治与导弹防御计划之间的关系;涉及了国际军控、导弹管制国际机制、美俄关系、美欧关系、中美关系以及东亚地区安全等若干领域。
461  0 @12001 @a当代国际政治丛书
606 0  @a弹道导弹@x战略防御@x战略计划@y美国@z现代
606 0  @a国家安全@x研究@y世界
606 0  @a弹道导弹
606 0  @a战略防御
606 0  @a战略计划
606 0  @a国家安全
690    @aE712.1@v4
690    @aD815.5@v4
701  0 @a朱锋@Azhu feng@4著
801  0 @aCN@bNLC@c20101222
905    @a10447@dE712.1@eJY50
    
    弹道导弹防御计划与国际安全/朱锋著.-上海:上海人民出版社,2001
    716页;20cm.-(当代国际政治丛书)
    
    
    ISBN 7-208-03777-9:CNY36.00
    本书内溶涉及美国战略防御思想的历史沿革以及后冷战时代美国国内政治与导弹防御计划之间的关系;涉及了国际军控、导弹管制国际机制、美俄关系、美欧关系、中美关系以及东亚地区安全等若干领域。
●
相关链接 在E读中查询图书 在五车中查询图书 在当当中查询图书 在豆瓣中查询图书


正题名:弹道导弹防御计划与国际安全     索取号:E712.1/JY50         预约/预借

序号 登录号 条形码 馆藏地/架位号 状态 备注
1 7813303   278133039   学院路分馆/ [索取号:E712.1/JY50] 在馆    
2 7813304   278133048   学院路分馆/ [索取号:E712.1/JY50] 在馆    
3 7813305   278133057   学院路分馆/ [索取号:E712.1/JY50] 在馆    
唐山师范学院图书馆 欢迎您!
大连网信软件有限公司© 版权所有